[Event "NK Senioren en Veteranen 2022"]
[Site "Dier7, "]
[Date "2022.07.16"]
[Round "1"]
[White "Markus, John"]
[WhiteElo "2014"]
[Black "Homs, Guust"]
[BlackElo "2154"]
[Result "1/2"]

1.d4 d5 2.Nf3 Nf6 3.Bf4 c5 4.e3 cxd4 5.exd4 Nc6 6.c3 g6 7.h3 Bg7 8.Bd3 O-O
9.Nbd2 Nh5 10.Bh2 Bh6 11.O-O Nf4 12.Bxf4 Bxf4 13.Re1 a6 14.Qc2 b6 15.Re2 
Bb7 16.Rae1 Rc8 17.a3 Re8 18.g3 Bh6 19.h4 e6 20.Kg2 Bg7 21.Qb1 Na5 22.h5 
Nc4 23.hxg6 hxg6 24.Nxc4 dxc4 25.Be4 Qc7 26.Qc1 Red8 27.Ne5 Bxe4+ 28.Rxe4 
Rd5 29.f3 Rcd8 30.R4e2 b5 31.Qf4 Bxe5 32.dxe5 Rd1 33.g4 Qd7 34.Qe4 Rxe1 
35.Rxe1 Qd2+ 36.Re2 Qc1 37.Qc2 Qf4 38.Qe4 Qc1 39.Qc2 Qf4 40.Qe4 Qxe4 41.
fxe4 g5 42.Kf2 Kg7 43.Ke1 Rd3 44.Kf2 a5 45.Re3 Rd2+ 46.Re2 Rd8 47.Ke3 Rd3+
48.Kf2 Kg6 49.Re3 Rd2+ 50.Re2 Rd8 51.Ke3 Rd3+ 52.Kf2 f6 53.exf6 Kxf6 54.
e5+ Ke7 55.Re3 Rd2+ 56.Re2 Rd1 57.Ke3 Rd3+ 58.Ke4 Rg3 59.Kd4 Rd3+

1/2-1/2

[Event "NK Senioren en Veteranen 2022"]
[Site "Dier7, "]
[Date "2022.07.17"]
[Round "2"]
[White "Breuker, Dennis"]
[WhiteElo "2022"]
[Black "Vogel, Jaap"]
[BlackElo "2142"]
[Result "1/2"]

1.e4 e6 2.d4 d5 3.e5 c5 4.Nf3 Nc6 5.Bd3 Qc7 6.c3 Bd7 7.O-O Nge7 8.Re1 cxd4 9.cxd4 Nb4 10.Nc3 Nxd3 11.Qxd3 Qc4 12.Qd1 Rc8 13.Bf4 Ng6 14.Be3 

1/2-1/2

[Event "NK Senioren en Veteranen 2022"]
[Site "Dier7, "]
[Date "2022.07.17"]
[Round "2"]
[White "Hoogland, Dirk"]
[WhiteElo "2135"]
[Black "Ouwersloot, Hans"]
[BlackElo "1889"]
[Result "0-1"]

1.c4 b6 2.Nc3 Bb7 3.e4 e6 4.g3 g6 5.Bg2 Bg7 6.Nge2 Ne7 7.O-O d6 8.d3 Nd7 9.Be3 O-O 10.Qd2 e5 11.Rac1 f5 12.Nd5 c6 13.Nxe7+ Qxe7 14.b3 Nf6 15.Nc3 Nh5 16.exf5 gxf5 17.Bh6 f4 18.Bxg7 Nxg7 19.Be4 Ne6 20.Kh1 Kh8 21.Rg1 f3 22.Qh6 Rf6 23.Qh4 Qg7 24.g4 Ng5 25.Qg3 Raf8 26.Bf5 Rh6 27.h4 Rxh4+ 28.Qxh4 Rf6 29.Rg3 Rh6 30.Rh3 Nxh3 31.Qd8+ Qg8 32.Qxg8+ Kxg8 33.Kh2 Nf4+ 34.Kg1 d5

0-1

[Event "NK Senioren en Veteranen 2022"]
[Site "Dier7, "]
[Date "2022.07.17"]
[Round "2"]
[White "Schouten, Nico"]
[WhiteElo "2113"]
[Black "Markus, John"]
[BlackElo "2014"]
[Result "1-0"]

4 g6 2.Nf3 Bg7 3.e3 d6 4.c4 e5 5.Nc3 c6 6.Be2 Qc7 7.O-O Ne7 8.b3 O-O 9.Bb2 Bg4 10.Qd2 Bxf3 11.Bxf3 exd4 12.exd4 Nf5 13.Ne2 Nd7 14.g3 Rfe8 15.Rad1 h5 16.Qc2 Nf6 17.Bc1 Rad8 18.Bg5 Qa5 19.h4 Rd7 20.Bd2 Qb6 21.c5 Qa6 22.Bf4 dxc5 23.dxc5 Nd5 24.Nc1 Nd4 25.Qd3 Nxf4 26.gxf4 Ne2+ 27.Qxe2 Rxe2 28.Bxe2 Qa5 29.Rxd7 Qxc5 30.Bc4 Qf5 31.Bxf7+ Kh7 32.Rfd1 Qg4+ 33.Kf1 Qxh4 34.Ne2 Qh3+ 35.Ke1 h4 36.R1d6 Qh1+ 37.Kd2 Qa1 38.Bxg6+ Kh6 39.Be4+ Bf6 40.Rh7#

1-0

[Event "NK Senioren en Veteranen 2022"]
[Site "Dier7, "]
[Date "2022.07.17"]
[Round "2"]
[White "Goris, Ton"]
[WhiteElo "1902"]
[Black "Schouten, Henk"]
[BlackElo "2105"]
[Result "1/2"]

d4 Nf6 2.f3 d5 3.e4 dxe4 4.Nc3 exf3 5.Nxf3 e6 6.Bc4 c5 7.d5 exd5 8.Nxd5 Be6 9.Nxf6+ gxf6 10.Qe2 Qe7 11.O-O Nc6 12.Bf4 O-O-O 13.Rfe1 Nd4 14.Qf2 Qd7 15.Bd3 Qc6 16.Be4 Bd5 17.Nxd4 cxd4 18.Bf5+ Be6 19.Be4 Bd5

1/2-1/2

[Event "NK Senioren en Veteranen 2022"]
[Site "Dier7, "]
[Date "2022.07.18"]
[Round "3"]
[White "Ouwersloot, Hans"]
[WhiteElo "1889"]
[Black "Schouten, Nico"]
[BlackElo "2113"]
[Result "1-0"]

e4 e5 2.Nf3 Nc6 3.Bc4 Be7 4.O-O Nf6 5.d3 O-O 6.c3 d6 7.h3 Bd7 8.b4 Qc8 9.Qe2 Be6 10.Nbd2 Nh5 11.Bxe6 Qxe6 12.Nc4 f5 13.b5 fxe4 14.Ng5 Qg6 15.bxc6 Bxg5 16.Bxg5 b5 17.Ne3 Qxg5 18.Nd5 Nf4 19.Nxf4 exf4 20.Qxe4 Rae8 21.Qf3 Qc5 22.d4 Qc4 23.Rfe1 b4 24.cxb4 Qxd4 25.Qb3+ Kh8 26.Qf7 Qxa1 27.Qxf8+ Rxf8 28.Rxa1 Kg8 29.Re1 Kf7 30.h4 Rb8 31.Re4 Rb6 32.Rxf4+ Ke6 33.Rg4 g6 34.h5 Kf5 35.Rc4 d5 36.Rc5 Ke6 37.a3 Kd6 38.hxg6 hxg6 39.f4 a5 40.Rxa5 Rxc6 41.Kf2 g5 42.fxg5 Ke5 43.Rc5 Rg6 44.Rxc7 Rxg5 45.b5 Rf5+ 46.Ke2 Rg5 47.Kf2 Rf5+ 48.Kg1 Kd6 49.Rg7 d4 50.b6 d3 51.b7 Rb5 52.Kf2 Rb2+ 53.Ke3 d2 54.Ke2 1-0

1-0

[Event "NK Senioren en Veteranen 2022"]
[Site "Dier7, "]
[Date "2022.07.18"]
[Round "3"]
[White "Van Rijn, Anton"]
[WhiteElo "2213"]
[Black "Breuker, Dennis"]
[BlackElo "2022"]
[Result "1-0"]

d4 d5 2.Nf3 Nf6 3.c4 e6 4.cxd5 exd5 5.Bg5 c6 6.Nc3 Be7 7.e3 Bf5 8.h3 h6 9.Bf4 Ne4 10.Nxe4 Bxe4 11.Nd2 Bg6 12.a3 O-O 13.Be2 Nd7 14.O-O Nf6 15.Nf3 Bd6 16.Bxd6 Qxd6 17.b4 a6 18.Ne5 Bh7 19.Qc1 Ne8 20.Qc5 f6 21.Nf3 Qd7 22.a4 Nd6 23.Rfc1 Rfc8 24.Qb6 Qc7 25.Qxc7 Rxc7 26.Nd2 Kf7 27.Nb3 Ke7 28.f3 Rac8 29.Kf2 Kf7 30.Rc3 Ke7 31.Nc5 Bg6 32.g4 Bh7 33.h4 f5 34.Bd3 Rh8 35.g5 hxg5 36.hxg5 Bg6 37.Rg1 Rh2+ 38.Rg2 Rxg2+ 39.Kxg2 Nf7 40.f4 Nd6 41.Rc1 Bh5 42.Rh1 g6 43.Kf2 Kf7 44.Be2 b6 45.Bxh5 bxc5 46.Bf3 Kg7 47.bxc5 Nc4 48.Rb1 Re7 49.Rb3 a5 50.Be2 Kf7 51.Bxc4 dxc4 52.Rb6 c3 53.Rb3 c2 54.Rc3 c1=Q 55.Rxc1 Rb7 56.Kf3 Rb4 57.d5 cxd5 58.c6 Rb8 59.c7 Rc8 60.Rc6 Ke8 61.Ke2 Kd7 62.Rxg6 Kxc7 63.Kd3 Rb8 64.Rf6 Rb4 65.g61-0

1-0

[Event "NK Senioren en Veteranen 2022"]
[Site "Dier7, "]
[Date "2022.07.18"]
[Round "3"]
[White "Vogel, Jaap"]
[WhiteElo "2142"]
[Black "Perrenet, Jacob"]
[BlackElo "1945"]
[Result "1/2"]

d4 f5 2.Nf3 g6 3.g3 Bg7 4.Bg2 Nf6 5.O-O O-O 6.c4 c6 7.b3 d6 8.Bb2 Qc7 9.Nbd2 Na6 10.a3 Bd7 11.b4 Rae8 12.e3 Qc8 13.Rc1 Nc7 14.Qc2 Ne6 15.Qb3 Nd8 16.Rfe1 Nf7 17.e4 f4 18.e5 Nh5 19.d5 dxe5 20.Nxe5 fxg3 21.hxg3 Bh6 22.Nxd7 Qxd7 23.Rcd1 Qf5 24.Qf3 Qc2 25.Qc3 Qf5 26.Qf3 Qc2 27.Qc3 Qf5 1/2-1/2

1/2-1/2

[Event "NK Senioren en Veteranen 2022"]
[Site "Dier7, "]
[Date "2022.07.18"]
[Round "3"]
[White "Van Dorp, Folke"]
[WhiteElo "2119"]
[Black "Van den Dikkenberg, Erik"]
[BlackElo "2095"]
[Result "1-0"]

e4 c5 2.Nf3 g6 3.c3 Bg7 4.d4 cxd4 5.cxd4 d5 6.e5 Nc6 7.Nc3 Bg4 8.Bb5 e6 9.Qa4 Ne7 10.Bg5 O-O 11.Nd2 Bf5 12.O-O Qb6 13.Qa3 f6 14.exf6 Bxf6 15.Bxf6 Rxf6 16.Nf3 Raf8 17.Bxc6 Nxc6 18.Na4 Qc7 19.Rac1 Qf4 20.Nc5 R6f7 21.Qe3 Bg4 22.Ne5 Nxe5 23.dxe5 b6 24.Nb3 Qxe3 25.fxe3 Rxf1+ 26.Rxf1 Rxf1+ 27.Kxf1 Kf7 28.Nd4 a6 29.Ke1 Ke7 30.Nc6+ Ke8 31.b4 Bf5 32.Kd2 Bb1 33.a3 Ba2 34.Kc3 Bc4 35.g3 Kd7 36.Nd4 Bf1 37.a4 h6 38.a5 bxa5 39.bxa5 Bh3 40.Kb4 Kc7 41.Kc5 g5 42.Nc6 h5 43.Nd4 Bg4 44.Kb4 Kd7 45.Nb3 Be2 46.Nc5+ Ke7 47.Nb7 Kd7 48.Kc5 Kc7 49.Nd6 h4 50.Nf7 hxg3 51.hxg3 g4 52.Ng5 Kd7 53.Kb6 Ke7 54.Nh7 Kf7 55.Kc6 Ke7 56.Nf6 Bd1 57.Nd7 Be2 58.Nc5 Kf7 59.Kd6 Bc4 60.Nxe6 Kg6 61.Nf4+ 1-0

1-0

[Event "NK Senioren en Veteranen 2022"]
[Site "Dier7, "]
[Date "2022.07.18"]
[Round "3"]
[White "Goris, Ton"]
[WhiteElo "1902"]
[Black "Homs, Guust"]
[BlackElo "2154"]
[Result "0-1"]

e4 c5 2.c3 Nf6 3.e5 Nd5 4.Nf3 e6 5.d4 cxd4 6.cxd4 d6 7.a3 Bd7 8.Bd3 Bc6 9.O-O Nd7 10.Qe2 Be7 11.Nc3 Nxc3 12.bxc3 dxe5 13.Nxe5 Nxe5 14.Qxe5 O-O 15.Re1 Rc8 16.Re3 Qd5 17.Qxd5 Bxd5 18.Bb2 Rfd8 19.f4 g6 20.a4 Bf8 21.Be4 Bg7 22.Bd3 Rd6 23.Kf1 Rb6 24.Re2 Rxb2 25.Rxb2 Rxc3 26.Rd1 Bxd4 27.Rc2 Rxc2 28.Bxc2 Be3 29.g3 Kg7 30.Ke2 Bb6 31.Rc1 h6 32.Bd3 g5 33.Bc4 Bg2 34.fxg5 hxg5 35.Bd3 f5 36.Bc4 Kf6 37.Ke1 e5 38.Bf1 Be4 39.Bb5 f4 40.Kf1 a6 41.Bd7 f3 42.Rd1 Bd4 43.Rd2 Ke7 44.Bg4 b5 45.Bc8 bxa4 46.Bxa6 a3 47.Bc4 Bf5 48.Rd1 Bh3+ 49.Ke1 Be6 0-1

0-1

[Event "NK Senioren en Veteranen 2022"]
[Site "Dier7, "]
[Date "2022.07.18"]
[Round "3"]
[White "Knuiman, Jan"]
[WhiteElo "1944"]
[Black "Hoogland, Dirk"]
[BlackElo "2135"]
[Result "0-1"]

4 c5 2.c3 g6 3.d4 cxd4 4.cxd4 Bg7 5.Nc3 d6 6.f4 Nf6 7.Nf3 O-O 8.Be3 d5 9.e5 Ng4 10.Qd2 Nc6 11.h3 Nxe3 12.Qxe3 a6 13.Rc1 b5 14.Nxb5 axb5 15.Rxc6 Rxa2 16.Qb3 Ra1+ 17.Kf2 Bd7 18.Rc5 e6 19.g3 Qb6 20.Kg2 Rfa8 21.Qc2 Bf8 22.Rc7 R8a7 23.Rxa7 Qxa7 24.Bd3 Ra2 25.Rb1 b4 26.g4 Ba4 27.Qc1 Bd7 28.Qc2 Qb6 29.f5 b3 30.Qc3 Qb4 31.Qc7 Bb5 32.fxe6 fxe6 33.Bxb5 Qxb5 34.Qc8 Qa6 35.Qe8 Qe2+ 36.Kg3 Ra7 37.Qxe6+ Rf7 38.Qxd5 Bh6 39.g5 Bxg5 40.Rg1 Bf4+ 41.Kg4 h5+ 0-1

0-1

[Event "NK Senioren en Veteranen 2022"]
[Site "Dier7, "]
[Date "2022.07.18"]
[Round "3"]
[White "Schouten, Henk"]
[WhiteElo "2105"]
[Black "Houweling, Bert"]
[BlackElo "1963"]
[Result "1/2"]

.e4 c5 2.Nf3 Nc6 3.d4 cxd4 4.Nxd4 e5 5.Nb5 d6 6.c4 Be7 7.N1c3 a6 8.Na3 f5 9.exf5 Bxf5 10.Bd3 Bxd3 11.Qxd3 Nb4 12.Qd1 Nf6 13.Qa4+ Nc6 14.Be3 O-O 15.O-O Ng4 16.Nd5 Bg5 17.Bb6 Qd7 18.h3 Nf6 19.Rad1 Qf7 20.Qb3 Kh8 21.Nb1 Nd7 22.Be3 Nc5 23.Qc2 Bf6 24.Nb6 Rad8 25.Rxd6 Rxd6 26.Bxc5 Nd4 27.Qe4 Rc6 28.Bxf8 Qxf8 29.Nd7 Qe7 30.Nxf6 gxf6 31.f4 Rxc4 1/2-1/2

1/2-1/2

[Event "NK Senioren en Veteranen 2022"]
[Site "Dier7, "]
[Date "2022.07.18"]
[Round "3"]
[White "Etmans, Maarten"]
[WhiteElo "1901"]
[Black "Bodicker, Rob"]
[BlackElo "2015"]
[Result "1/2"]

.b3 e5 2.Bb2 Nc6 3.e3 a6 4.d4 exd4 5.exd4 d5 6.Nf3 Nf6 7.Be2 Be7 8.O-O O-O 9.c4 Bf5 10.Nc3 Re8 11.Ne5 Bd6 12.f4 Nb4 13.c5 Bf8 14.Rc1 Ne4 15.a3 Nxc3 16.Rxc3 Nc6 17.Bf3 Ne7 18.Bg4 Qc8 19.Bxf5 Qxf5 20.Qf3 c6 21.g4 Qe4 22.Re3 Qxf3 23.Rexf3 f6 24.Nd3 Ng6 25.f5 Nh4 26.Rh3 g5 27.fxg6 Nxg6 28.Rxf6 Re4 29.Nf2 Re2 30.Bc3 Rae8 31.Rff3 Bg7 32.Kf1 Rc2 33.Re3 Rf8 34.Rhf3 Rc1+ 35.Ke2 Nf4+ 36.Kd2 Rg1 37.Rg3 Rxg3 38.hxg3 Ng2 39.Re2 Rf3 40.Nd3 Rxg3 41.Ne5 Bh6+ 42.Kc2 Ne3+ 43.Kb1 Rg1+ 44.Ka2 Rg2 45.Rxg2 Nxg2 46.b4 Be3 47.Kb3 Nf4 48.Nf3 Ne2 49.Bb2 Kf7 50.Ka4 Ke7 51.Kb3 Nf4 1/2-1/2

1/2-1/2

[Event "NK Senioren en Veteranen 2022"]
[Site "Dier7, "]
[Date "2022.07.18"]
[Round "3"]
[White "Boersma, Jan"]
[WhiteElo "2053"]
[Black "Legemaat, Gerrit"]
[BlackElo "1929"]
[Result "1/2"]

e4 e5 2.Nf3 Nc6 3.Nc3 Nf6 4.Bb5 Bc5 5.O-O O-O 6.d3 Nd4 7.Nxd4 Bxd4 8.Ne2 Bb6 9.Ng3 c6 10.Ba4 d5 11.h3 dxe4 12.dxe4 Qxd1 13.Rxd1 Be6 14.Bg5 Nd7 15.c3 1/2-1/2

1/2-1/2

[Event "NK Senioren en Veteranen 2022"]
[Site "Dier7, "]
[Date "2022.07.20"]
[Round "5"]
[White "Homs, Guust"]
[WhiteElo "2154"]
[Black "Ouwersloot, Hans"]
[BlackElo "1889"]
[Result "1/2"]

.e4 d6 2.d4 g6 3.Nf3 Bg7 4.Bc4 e6 5.Bg5 Ne7 6.Bb3 h6 7.Bh4 b6 8.c3 Bb7 9.Nbd2 Nd7 10.Qe2 a6 11.h3 g5 12.Bg3 Ng6 13.Bc2 e5 14.Nc4 O-O 15.O-O-O Qe8 16.h4 g4 17.Nh2 exd4 18.cxd4 d5 19.Ne3 dxe4 20.h5 Ne7 21.Bxc7 f5 22.Kb1 Rc8 23.Bf4 Nf6 24.Be5 

1/2-1/2

[Event "NK Senioren en Veteranen 2022"]
[Site "Dier7, "]
[Date "2022.07.20"]
[Round "5"]
[White "Van Rijn, Anton"]
[WhiteElo "2213"]
[Black "Hoogland, Dirk"]
[BlackElo "2135"]
[Result "1-0"]

Nf3 Nf6 2.d4 e6 3.c4 Bb4+ 4.Bd2 Qe7 5.g3 Nc6 6.Nc3 O-O 7.Bg2 Bxc3 8.Bxc3 Ne4 9.Rc1 d6 10.d5 Nxc3 11.Rxc3 Nb8 12.dxe6 fxe6 13.O-O a5 14.Nd4 e5 15.Nb5 Na6 16.Qd2 Nc5 17.Ra3 Be6 18.b3 a4 19.b4 Bxc4 20.Bd5+ Bxd5 21.Qxd5+ Qe6 22.Nxc7 Qxd5 23.Nxd5 Ne6 24.e3 Rf7 25.Rc1 g5 26.h3 Kg7 27.Rc2 h5 28.Rac3 h4 29.g4 Kg6 30.Kg2 Kg7 31.a3 Kg6 32.Rc8 Ra6 33.Kf1 Kg7 34.Ke2 Rf8 35.Kd3 Rxc8 36.Rxc8 Rc6 37.Rxc6 bxc6 38.Ne7 d5 39.Nxc6 Kf6 40.Nb8 Ke7 41.Nc6+ Kd6 42.Na7 Nc7 43.Kc3 Na8 44.Kc2 Nb6 45.Nb5+ Kc6 46.Nc3 Kd6 47.Kd3 Ke6 48.Nb1 Kd6 49.Nd2 Nd7 50.Kc3 Nf8 51.b5 Kc5 52.Nf3 Ne6 53.Nxe5 Kxb5 54.Nf3 Kc5 55.Nd4 Nf8 56.f4 gxf4 57.exf4 Ng6 58.f5 Ne5 59.g5 Kd6 60.Kb4 Nd7 61.Nf3 Nb6 62.Nxh4 Ke5 63.f6 Nd7 64.Ng2 Ke4 65.h4 d4 66.Ne1 Ne5 67.Kxa4 Ke3 68.Nc2+ Kd3 69.Nxd4 Kxd4 70.Kb5 

1-0

[Event "NK Senioren en Veteranen 2022"]
[Site "Dier7, "]
[Date "2022.07.20"]
[Round "5"]
[White "Vogel, Jaap"]
[WhiteElo "2142"]
[Black "Van den Dikkenberg, Erik"]
[BlackElo "2095"]
[Result "1/2-1/2"]

.d4 Nf6 2.Nf3 b6 3.c4 e6 4.Nc3 Bb7 5.Bf4 Bb4 6.e3 O-O 7.Bd3 Ne4 8.Qc2 f5 9.h4 d6 10.Ng5 Bxc3+ 11.bxc3 Nxg5 12.Bxg5 Qe8 13.e4 e5 14.O-O-O f4 15.h5 Nc6 16.c5 exd4 17.Bc4+ Kh8 18.cxd4 bxc5 19.h6 g6 20.dxc5 Ne5 21.Bd5 Rb8 22.Rh3 Bxd5 23.exd5 Rf5 24.Bh4 Rb5 25.Rc3 Rb8 26.f3 Qf8 27.Bf2 Qxh6 28.cxd6 cxd6 29.Rc7 Qf8 30.Bxa7 Ra8 31.Bd4 Kg8 32.Re1 Rf7 33.Rxf7 Nxf7 34.Kb1 Rc8 35.Qe4 Rb8+ 36.Ka1 Qd8 37.Qe7 Qxe7 38.Rxe7 Kf8 39.Rc7 Rb5 40.Bf6 Ke8 41.Re7+

1/2-1/2

[Event "NK Senioren en Veteranen 2022"]
[Site "Dier7, "]
[Date "2022.07.20"]
[Round "5"]
[White "Van Dorp, Folke"]
[WhiteElo "2119"]
[Black "Breuker, Dennis"]
[BlackElo "2022"]
[Result "1/2-1/2"]

e4 e5 2.Nf3 Nc6 3.Bc4 Nf6 4.d3 Be7 5.O-O O-O 6.h3 d6 7.a3 h6 8.Re1 Nh7 9.Nc3 Ng5 10.Nd5 Nxf3+ 11.Qxf3 Bg5 12.c3 Bxc1

1//2-1/2

[Event "NK Senioren en Veteranen 2022"]
[Site "Dier7, "]
[Date "2022.07.20"]
[Round "5"]
[White "Perrenet, Jacob"]
[WhiteElo "1945"]
[Black "Schouten, Nico"]
[BlackElo "2113"]
[Result "0-1"]

c3 e5 2.Nf3 d6 3.d4 exd4 4.Nxd4 g6 5.Bf4 Bg7 6.e3 Nf6 7.Be2 O-O 8.h4 h5 9.Bg5 c6 10.Qd2 Re8 11.O-O-O b5 12.f3 b4 13.Nb1 Qb6 14.e4 Nbd7 15.Be3 Qb7 16.g4 Nc5 17.Bh6 Bh8 18.gxh5 Nxh5 19.Rhg1 Na4 20.b3 Nc3 21.Nxc3 bxc3 22.Qxc3 c5 23.Bc4 cxd4 24.Qd2 Kh7 25.Bd5 Qxd5 26.exd5 Bf5 27.Rg5 Re5 28.Rxf5 Rxf5 29.Bg5 f6 30.Qb4 Re8 31.Qb7+ Bg7 32.Bd2 Rxf3 33.Qd7 Re2 34.Re1 Rg2 35.Qe7 Rff2 36.Rd1 f5 37.Qc7 Ng3 38.Bg5 Ne4 39.a4 f4 40.b4 Nc3 41.Kb2 Rxc2+ 42.Kb3 Rb2+ 43.Kc4 Rxb4+

0-1

[Event "NK Senioren en Veteranen 2022"]
[Site "Dier7, "]
[Date "2022.07.20"]
[Round "5"]
[White "Schouten, Henk"]
[WhiteElo "2105"]
[Black "Knuiman, Jan"]
[BlackElo "1944"]
[Result "1-0"]

 d5 2.exd5 Qxd5 3.Nc3 Qd6 4.d4 Nf6 5.Bc4 c6 6.Bb3 Bf5 7.Nge2 e6 8.Bf4 Qd8 9.Ng3 Bg6 10.O-O Be7 11.Re1 O-O 12.Qd2 Nbd7 13.Rad1 Nb6 14.Qe2 a5 15.a3 a4 16.Ba2 Nbd5 17.Nxd5 Nxd5 18.Bc1 Bd6 19.c4 Nf6 20.Bg5 Be7 21.d5 cxd5 22.cxd5 Qa5 23.Bd2 Qb6 24.Bc3 Bc5 25.dxe6 h5 26.exf7+ Bxf7 27.Bxf7+ Rxf7 28.Bxf6 Rxf6 29.Ne4 Rf7 30.Nxc5 Qxc5 31.Qe3 Qf5 32.Rd2 b5 33.Qe4 Rc8 34.Qxf5 Rxf5 35.g3 Rc4 36.Re8+ Kh7 37.Rb8 h4 38.Kg2

1-0

[Event "NK Senioren en Veteranen 2022"]
[Site "Dier7, "]
[Date "2022.07.20"]
[Round "5"]
[White "Boersma, Jan"]
[WhiteElo "2053"]
[Black "Etmans, Maarten"]
[BlackElo "1901"]
[Result "1/2-1/2"]

e4 d5 2.exd5 Nf6 3.c4 c6 4.Nc3 cxd5 5.cxd5 Nxd5 6.Nf3 g6 7.Bc4 e6 8.O-O Nb6 9.Bb3 Bg7 10.d4 O-O 11.Bg5 Bf6 12.Bh6 Bg7 13.Qd2 Nd5 14.Rfe1 Nc6 15.Re4 Nce7 16.Bxg7 Kxg7 17.Rae1 Nf5 18.Bxd5 exd5 19.Re5 Be6 20.Ng5 Qf6 21.Rxe6 fxe6 22.Nxe6+ Kg8 23.Nxf8 Kxf8 24.Re5 Rd8 25.h3 Ne7 26.Ne2 Nc6 27.Re3 Kg7 28.Rf3 Qe7 29.Nf4 Qd7 30.Re3 Kg8 31.Ne6 Rc8 32.f4 Qf7 33.g4 Qf6 34.Kg2 Re8 35.Nc7 Rd8 36.Ne6 Re8 37.Nc7 Rd8 38.Ne6

1/2-1/2

[Event "NK Senioren en Veteranen 2022"]
[Site "Dier7, "]
[Date "2022.07.20"]
[Round "5"]
[White "Bodicker, Rob"]
[WhiteElo "2015"]
[Black "Goris, Ton"]
[BlackElo "1902"]
[Result "1-0"]

4 Nf6 2.c4 e6 3.Nf3 b6 4.a3 Bb7 5.Nc3 d5 6.cxd5 exd5 7.Bg5 Be7 8.e3 O-O 9.Bd3 Ne4 10.Bxe7 Qxe7 11.Rc1 Nd7 12.O-O a6 13.Bb1 Rac8 14.Ba2 c6 15.Re1 b5 16.Nd2 Kh8 17.Ncxe4 dxe4 18.b4 a5 19.Qb3 axb4 20.axb4 Ra8 21.Bb1 f5 22.f3 Nf6 23.fxe4 fxe4 24.Qc2 Ra4 25.Nxe4 Nxe4 26.Qxe4 Qxe4 27.Bxe4 Rf6 28.Ra1 Re6 29.Rxa4 bxa4 30.Bf3 Ba6 31.Kf2 g6 32.Be2 Bb5 33.Rc1 Re7 34.Bxb5 cxb5 35.Ke2 Kg7 36.Kd3 Kf6 37.e4 Rb7 38.Rc6+ Ke7 39.Kc2 Kd7 40.Rc5 Ke7 41.Rc6 Kd7 42.d5 Rc7 43.Rc5 Kd6 44.e5+ Ke7 45.Kb2 Rb7 46.g4 g5 47.h3 Rb6 48.Rc3 h6 49.Rc5 Kd7 50.e6+ Ke8 51.Rc7 Kd8 52.Rh7 Rc6 53.Rb7

1-0

[Event "NK Senioren en Veteranen 2022"]
[Site "Dier7, "]
[Date "2022.07.20"]
[Round "5"]
[White "Houweling, Bert"]
[WhiteElo "1963"]
[Black "Lootsma, Jan"]
[BlackElo "1921"]
[Result "0-1"]

e4 e6 2.d4 d5 3.e5 c5 4.c3 Nc6 5.Nf3 Bd7 6.Be2 Qc7 7.O-O f6 8.Bf4 Nge7 9.Re1 Ng6 10.Bg3 f5 11.Qd2 c4 12.b4 Be7 13.a4 O-O 14.Bf4 Nxf4 15.Qxf4 Qd8 16.h4 h6 17.Na3 g5 18.hxg5 hxg5 19.Qd2 g4 20.Nh2 Kg7 21.g3 Bg5 22.Qa2 Qe8 23.f4 Be7 24.Kg2 Rh8 25.Rh1 Qg6 26.Rag1 Rh3 27.Nf1 Rah8 28.Rxh3 Rxh3 29.Kf2 a6 30.Rg2 Qh6 31.Qd2 Kf7 32.Ne3 a5 33.Nac2 axb4 34.cxb4 Qf8 35.Nxg4 fxg4 36.Bxg4 Rh1 37.b5 Nb4 38.Nxb4 Bxb4 39.Qb2 Qg7 40.Bf3 Qg6 41.f5 Qg5 42.f6 Bd2 43.g4 Qe3+ 44.Kg3 Be1+

0-1

[Event "NK Senioren en Veteranen 2022"]
[Site "Dier7, "]
[Date "2022.07.20"]
[Round "5"]
[White "Viergever, Max"]
[WhiteElo "2019"]
[Black "Legemaat, Gerrit"]
[BlackElo "1929"]
[Result "1-0"]

.e4 e5 2.Nf3 Nc6 3.Nc3 Nf6 4.d4 exd4 5.Nxd4 Bb4 6.Nxc6 bxc6 7.Bd3 d5 8.exd5 cxd5 9.O-O O-O 10.Bg5 c6 11.Qf3 Bd6 12.h3 h6 13.Bf4 Rb8 14.b3 Re8 15.Rfe1 Rxe1+ 16.Rxe1 Be6 17.Ne2 c5 18.Bxd6 Qxd6 19.Ng3 c4 20.Bf5 cxb3 21.axb3 Rc8 22.Qd3 Qc6 23.Re2 a5 24.Qe3 Re8 25.Qd2 a4 26.bxa4 Qxa4 27.Qd3 Bxf5 28.Nxf5 Rxe2 29.Qxe2 Qd7 30.Qe5 Qe6 31.f4 Qxe5 32.fxe5 Nd7 33.Ne7+ Kf8 34.Nxd5 Nxe5 35.Kf2 f5 36.Ke3 g5 37.Kd4 Nd7 38.c4 Kf7 39.c5 Nb8 40.Ke5 f4 41.Nb4 Nd7+ 42.Kd6 Nf6 43.c6 h5 44.Ke5 f3 45.gxf3 g4 46.c7 Nd7+ 47.Kf5 Nb6 48.fxg4 hxg4 49.Kxg4 Ke6

1-0